Sử dụng Perl & CGI thiết kế web động
PERL là một trong những ngôn ngữ kịch bản phổ biến nhất dùng để bổ sung các đặc điểm tương tác cho trang Web. Perl cho phép đặt các biểu mẫu trên Site của bạn để thu thập và xử lý các dũ liệu do người dùng cung cấp, cho phép người dùng t...
Wedi'i Gadw mewn:
| Prif Awdur: | |
|---|---|
| Awduron Eraill: | |
| Fformat: | Llyfr |
| Iaith: | Vietnamese |
| Cyhoeddwyd: |
H.
Lao động xã hội
2006
|
| Pynciau: | |
| Tagiau: |
Ychwanegu Tag
Dim Tagiau, Byddwch y cyntaf i dagio'r cofnod hwn!
|
| Thư viện lưu trữ: | Thư viện Trường Đại học Nam Cần Thơ |
|---|
| LEADER | 01583nam a22002297a 4500 | ||
|---|---|---|---|
| 001 | NCT_45268 | ||
| 008 | 180707b xxu||||| |||| 00| 0 vie d | ||
| 999 | |c 2164 |d 2164 | ||
| 020 | |c 96000 | ||
| 082 | 0 | 4 | |2 23rd ed. |a 005.13 |b H407 |
| 100 | 1 | |a Lê Minh Hoàng |e chủ biên | |
| 245 | 1 | |a Sử dụng Perl & CGI thiết kế web động |c Lê Minh Hoàng (chủ biên), Hoàng Đức Hải | |
| 260 | |a H. |b Lao động xã hội |c 2006 | ||
| 300 | |a 548 tr. |c 24cm | ||
| 520 | 3 | |a PERL là một trong những ngôn ngữ kịch bản phổ biến nhất dùng để bổ sung các đặc điểm tương tác cho trang Web. Perl cho phép đặt các biểu mẫu trên Site của bạn để thu thập và xử lý các dũ liệu do người dùng cung cấp, cho phép người dùng tìm kiếm thông tin và có thể tích hợp cơ sở dữ liệu trong Website... | |
| 653 | |a Công nghệ thông tin | ||
| 700 | 1 | |a Hoàng Đức Hải | |
| 942 | |2 ddc |c BK | ||
| 952 | |0 0 |1 0 |2 ddc |4 0 |6 005_130000000000000_H407 |7 0 |9 12435 |a 000001 |b 000001 |d 2018-07-07 |o 005.13 H407 |p MD.02033 |r 2018-07-07 |v 90000.00 |w 2018-07-07 |y BK | ||
| 952 | |0 0 |1 0 |2 ddc |4 0 |6 005_130000000000000_H407 |7 0 |9 12436 |a 000001 |b 000001 |d 2018-07-07 |o 005.13 H407 |p MD.02034 |r 2018-07-07 |v 90000.00 |w 2018-07-07 |y BK | ||
| 952 | |0 0 |1 0 |2 ddc |4 0 |6 005_130000000000000_H407 |7 0 |9 12437 |a 000001 |b 000001 |d 2018-07-07 |o 005.13 H407 |p MD.02035 |r 2018-07-07 |v 90000.00 |w 2018-07-07 |y BK | ||
| 980 | |a Thư viện Trường Đại học Nam Cần Thơ | ||